Statistics for MLB Baseball - Three Greatest Players in Team History

Click here to take the quiz!

General Stats

  • This quiz has been taken 249 times
  • The average score is 47 of 90

Answer Stats

TeamWARCareerPosPlayer% Correct
Yankees142.41920–1934OFBabe Ruth
96%
Giants154.81951–1952, 1954–1972OFWillie Mays
92%
Braves142.51954–1974OFHank Aaron
91%
Yankees112.41923–19391BLou Gehrig
90%
Red Sox123.11939–1942, 1946–1960OFTed Williams
89%
Giants112.51993–2007OFBarry Bonds
88%
Tigers144.71905–1926OFTy Cobb
88%
Yankees110.31951–1968OFMickey Mantle
87%
Twins/Senators164.31907–1927PWalter Johnson
86%
Diamondbacks50.91999–2004, 2007–2008PRandy Johnson
86%
Phillies106.81972–19893BMike Schmidt
86%
Royals88.71973–19933BGeorge Brett
85%
Marlins25.72005–2011PJosh Johnson
85%
Pirates94.51955–1972OFRoberto Clemente
84%
Cardinals128.21941–1944, 1946–1963OFStan Musial
83%
Orioles95.91981–2001SSCal Ripken
83%
Pirates120.11900–1917SSHonus Wagner
82%
Reds78.11963–1978, 1984–1986variousPete Rose
80%
Orioles78.41955–19773BBrooks Robinson
80%
Red Sox96.41961–1983OFCarl Yastrzemski
79%
Reds75.21967–1983CJohnny Bench
79%
Astros79.91991–20051BJeff Bagwell
79%
Astros65.51988–20072BCraig Biggio
76%
Mets78.71967–1976PTom Seaver
76%
Cardinals89.11959–1975PBob Gibson
76%
Red Sox80.81984–1996PRoger Clemens
75%
Tigers92.81953–1974OFAl Kaline
70%
Brewers77.31974–1993SS / OFRobin Yount
70%
Angels74.32010–OFMike Trout
69%
Mariners70.61989–1999, 2009–2010OFKen Griffey Jr.
68%
Twins/Senators60.51954–1975VariousHarmon Killebrew
67%
Mets50.42004–2016, 20183BDavid Wright
66%
Orioles88.41965–1967, 1969–1984PJim Palmer
64%
Brewers46.62007–OFRyan Braun
64%
Mariners68.41987–2004DHEdgar Martinez
63%
Athletics72.71979–1984, 1989–1992,
1994–1995, 1998
OFRickey Henderson
63%
Cubs67.51953–19713B/1BErnie Banks
63%
Twins/Senators63.81967–19782BRod Carew
62%
White Sox68.31990–20051BFrank Thomas
61%
Cardinals91.41915–19262BRogers Hornsby
59%
Indians63.41936–1941, 1945–1956PBob Feller
58%
Dodgers69.62008–PClayton Kershaw
58%
Padres69.21982–2001OFTony Gwynn
57%
Braves94.61952–19663BEddie Matthews
57%
Phillies69.41972–1986PSteve Carlton
57%
Reds70.41986–2004SSBarry Larkin
56%
Braves99.31942, 1946–1964PWarren Spahn
56%
Mets46.41984–1994PDwight Gooden
51%
Giants107.81926–1947OFMel Ott
51%
Brewers60.01978–19923BPaul Molitor
50%
Cubs68.11982–1994, 1996–19972BRyne Sandberg
50%
Mariners56.32001–2011, 2018–2019OFIchiro Suzuki
50%
Indians80.01902–19142BNap Lajoie
49%
Rockies61.21997–20131BTodd Helton
49%
Rangers50.11991–2002, 2009CIván Rodríguez
43%
Indians74.21916–1926OFTris Speaker
42%
Cubs72.11960–19733BRon Santo
41%
Dodgers66.31940–1942, 1946–1958SSPee Wee Reese
40%
Rockies48.31995–2004OFLarry Walker
39%
Dodgers65.71947–1962OFDuke Snider
36%
Nationals/Expos55.81974–1984, 1992CGary Carter
35%
Phillies71.71948–1961PRobin Roberts
32%
Rays49.82008–20173BEvan Longoria
31%
Marlins35.52010–2017OFGiancarlo Stanton
31%
Diamondbacks40.32011–20181BPaul Goldschmidt
29%
White Sox74.51930–1943, 1945–1950SSLuke Appling
29%
Rockies39.42006–2015SSTroy Tulowitzki
28%
Athletics64.91925–1993PLefty Grove
28%
Rangers43.22011–20183BAdrian Beltre
27%
Blue Jays48.01998–2009PRoy Halladay
27%
Athletics77.41901–1914PEddie Plank
25%
Astros51.41975–1987OFJose Cruz
25%
Blue Jays56.41979–1992, 1998PDave Stieb
24%
Pirates68.21926–1940OFPaul Waner
24%
Marlins26.92006–2011SSHanley Ramirez
22%
Tigers80.71924–19422BCharlie Gehringer
22%
Padres26.82002–2008PJake Peavy
22%
Nationals/Expos48.41976–1986`OFAndre Dawson
22%
Padres32.01973–1980OFDave Winfield
20%
Nationals/Expos49.21979–1990OFTim Raines
17%
Blue Jays37.51983–1990, 1998–1999SSTony Fernández
15%
Royals44.81970–1983OFAmos Otis
14%
Angels51.81986–1999PChuck Finley
14%
Rangers44.61989–1993, 1999–20031BRafael Palmeiro
13%
Rays35.62002–2010OFCarl Crawford
11%
Diamondbacks31.12003–2009PBrandon Webb
9%
Royals47.01989–1999, 2003–2004PKevin Appier
9%
Rays36.02006–2014SSBen Zobrist
8%
Angels45.91961–1971SSJim Fregosi
7%
White Sox70.71923–1942, 1956PTed Lyons
6%

Score Distribution

Percentile by Number Answered

Percent of People with Each Score

Your Score History

You have not taken this quiz